[Event "Internationaux de France RAPIDE"]
[Site "Saint-Maur des Fosses, France"]
[Date "2024.06.15"]
[Round "5.1"]
[White "Boyer, Mahel"]
[Black "Lagarde, Maxime"]
[Result "0-1"]
[WhiteElo "2455"]
[BlackElo "2604"]
[PlyCount "61"]
[EventDate "2024.??.??"]

1. e4 {2} c5 {4} 2. d3 {9} Nc6 {19} 3. g3 {1} e6 {76} 4. Bg2 {2} Nf6 {26} 5.
Nc3 {44} Be7 {48} 6. Nh3 {65} a6 {16} 7. O-O {5} d6 {2} 8. f4 {14} h6 {89} 9.
f5 {170} e5 {19} 10. g4 {4} b5 {13} 11. Be3 {21} Bb7 {18} 12. Nd5 {39} Nb8 {59}
13. Nf2 {109} Nbd7 {15} 14. c4 {22} Rb8 {125} 15. Qd2 {28} Bc6 {75} 16. a3 {77}
bxc4 {34} 17. dxc4 {3} Bxd5 {6} 18. cxd5 {23} Rb3 {10} 19. Rfc1 {48} Qb6 {3}
20. Rc2 {24} Nh7 {17} 21. Re1 {84} Bg5 {6} 22. Bxg5 {30} Nxg5 {7} 23. h4 {2}
Nf3+ {30} 24. Bxf3 {2} Rxf3 {2} 25. Re3 {95} Rf4 {13} 26. b4 {35} O-O {28} 27.
Kg2 {9} cxb4 {18} 28. axb4 Nf6 29. g5 {4} Rxf2+ {32} 30. Qxf2 {4} Ng4 31. Qe2 {
7} 0-1

[Event "Internationaux de France RAPIDE"]
[Site "Saint-Maur des Fosses, France"]
[Date "2024.06.15"]
[Round "5.2"]
[White "Droin, Augustin"]
[Black "Dourerassou, Jonathan"]
[Result "1-0"]
[WhiteElo "2480"]
[BlackElo "2422"]
[PlyCount "107"]
[EventDate "2024.??.??"]

1. e4 {8} c5 {2} 2. Nf3 {1} Nc6 {2} 3. Bb5 {8} g6 {2} 4. O-O {3} Bg7 {2} 5. d3
{12} d6 {8} 6. e5 {2} dxe5 {15} 7. Bxc6+ {9} bxc6 {2} 8. Na3 {10} Be6 {56} 9.
Ng5 {11} Bd5 {50} 10. c4 {56} Be6 {42} 11. Nxe6 {4} fxe6 {2} 12. Qe2 {43} Qd6 {
22} 13. Nb1 {2} Rd8 {60} 14. Nc3 {12} Qxd3 {26} 15. Qxd3 {1} Rxd3 {2} 16. Be3 {
6} Nf6 {245} 17. Bxc5 {1} Rd7 {8} 18. Rad1 {46} Rb7 {3} 19. b3 {16} Kf7 {1} 20.
f3 {58} h6 {33} 21. Rd3 {8} Rc8 {23} 22. Rfd1 {4} Ke8 {1} 23. g4 {14} e4 {46}
24. Nxe4 {1} Nxe4 {1} 25. fxe4 {1} Be5 26. Be3 {74} g5 {20} 27. Bc5 {35} a5 {3}
28. Kf2 {58} a4 {29} 29. b4 {1} Bxh2 {47} 30. Ra3 {122} Bd6 {69} 31. Bxd6 {1}
exd6 32. Rxa4 Ke7 {1} 33. Rh1 {9} Rf8+ {11} 34. Ke3 Rf6 35. a3 {1} e5 {38} 36.
Ra6 {15} Kd7 {7} 37. Ra8 {4} Ke6 {6} 38. Re8+ {29} Kf7 {2} 39. Rc8 {3} Ra7 {1}
40. Ra1 Ra6 {30} 41. a4 {18} Ke6 {19} 42. b5 {2} cxb5 {25} 43. cxb5 Ra7 {1} 44.
a5 {13} Raf7 45. Kd3 {161} Rf2 {1} 46. Rc3 {46} Rb2 {7} 47. a6 {34} Rff2 {27}
48. Kc4 {38} Rfd2 {7} 49. Rb3 Rd4+ {27} 50. Kc3 Rh2 {6} 51. a7 {25} Rh3+ {6}
52. Kb2 Rd2+ {3} 53. Ka3 {3} Rhh2 54. a8=Q {3} 1-0

[Event "Internationaux de France RAPIDE"]
[Site "Saint-Maur des Fosses, France"]
[Date "2024.06.15"]
[Round "5.3"]
[White "Gatineau, Yovann"]
[Black "Relange, Eloi"]
[Result "0-1"]
[WhiteElo "2362"]
[BlackElo "2442"]
[PlyCount "84"]
[EventDate "2024.??.??"]

1. d4 Nf6 {6} 2. c4 {2} g6 {2} 3. Nc3 {2} Bg7 {1} 4. e4 {2} d6 {2} 5. Be2 {1}
O-O {5} 6. Be3 {2} e5 {15} 7. d5 {2} Na6 {34} 8. g4 {11} Nc5 {8} 9. f3 {3} a5 {
9} 10. Qd2 {8} c6 {36} 11. h4 {7} cxd5 {42} 12. cxd5 {2} h5 {103} 13. g5 {5}
Ne8 {39} 14. Nh3 {8} a4 {3} 15. Nf2 {7} Qa5 {44} 16. Nd3 {8} Nxd3+ {29} 17.
Bxd3 {10} Bd7 {10} 18. a3 {52} Nc7 {5} 19. Ke2 {163} f5 {51} 20. gxf6 {152}
Rxf6 {25} 21. Rhg1 {20} Kh7 {77} 22. Rg3 {15} Na6 {37} 23. Rag1 {76} Nc5 {11}
24. Bc2 {36} Raf8 {23} 25. Bg5 {50} Qa6+ {32} 26. Kf2 {40} R6f7 {41} 27. Kg2 {9
} Qb6 {16} 28. Be3 {47} Qxb2 {43} 29. Kh2 {40} Rxf3 {12} 30. Rb1 {157} Qxa3 {13
} 31. Rb6 {37} Bg4 {85} 32. Rb1 {16} Nb3 {41} 33. Bxb3 {6} axb3 {2} 34. Nb5 {1}
Qa2 {34} 35. Rb2 Qa1 {21} 36. Qc1 {5} Qa4 {22} 37. Nxd6 {3} Rf1 {2} 38. Qc7 {2}
Qa1 {3} 39. Bg1 {7} Qxb2+ {6} 40. Rg2 Qc1 {10} 41. Qxb7 {3} Qf4+ {3} 42. Kh1 {2
} Bf3 {1} 0-1

[Event "Internationaux de France RAPIDE"]
[Site "Saint-Maur des Fosses, France"]
[Date "2024.06.15"]
[Round "5.4"]
[White "Fressinet, Laurent"]
[Black "Vlachos, Anatole"]
[Result "1-0"]
[WhiteElo "2633"]
[BlackElo "2470"]
[PlyCount "85"]
[EventDate "2024.??.??"]

1. d4 {1} d5 {2} 2. Nf3 {2} Nf6 {4} 3. c4 {4} e6 {14} 4. Nc3 {3} Be7 {3} 5. Bg5
{22} h6 {8} 6. Bh4 {2} O-O {2} 7. e3 {1} Ne4 8. Bxe7 {19} Qxe7 {2} 9. Rc1 {15}
c6 {2} 10. Be2 {68} Nd7 {11} 11. Qc2 {15} Nxc3 {4} 12. Qxc3 {2} dxc4 {58} 13.
Qxc4 {1} e5 {10} 14. O-O {3} e4 {23} 15. Nd2 {2} Nf6 {1} 16. Qc5 {21} Re8 {21}
17. b4 {74} Be6 {15} 18. a4 {31} Bd5 {90} 19. Qxe7 {39} Rxe7 {1} 20. b5 {2}
cxb5 {76} 21. Bxb5 {36} Rd8 {140} 22. Rc5 {42} a6 {42} 23. Be2 {3} Bc6 {26} 24.
a5 {17} Rd5 {45} 25. Rfc1 {28} Rxc5 {18} 26. Rxc5 {2} Nd7 {4} 27. Rc1 {38} Bd5
{77} 28. Rc8+ {34} Nf8 {2} 29. Nb1 {57} g6 {18} 30. Nc3 {4} Bb3 {63} 31. g4 {47
} Kg7 {2} 32. h4 {46} Ne6 {39} 33. d5 {23} Nf8 {29} 34. Kh2 {98} Rd7 {2} 35.
Bc4 {1} Bxc4 {7} 36. Rxc4 {2} f5 {5} 37. Kg3 {30} Nh7 {47} 38. h5 {40} Nf6 {9}
39. hxg6 {4} Kxg6 {45} 40. Rd4 {87} Kg5 {22} 41. d6 {16} Ne8 {38} 42. gxf5 {5}
Nxd6 {2} 43. Rxd6 {2} 1-0

[Event "Internationaux de France RAPIDE"]
[Site "Saint-Maur des Fosses, France"]
[Date "2024.06.15"]
[Round "5.5"]
[White "Riff, Vincent"]
[Black "Moussard, Jules"]
[Result "0-1"]
[WhiteElo "2367"]
[BlackElo "2610"]
[PlyCount "94"]
[EventDate "2024.??.??"]

1. e4 c5 {2} 2. Nc3 {2} e6 {2} 3. Nf3 {1} Nc6 {1} 4. Bb5 Nd4 {8} 5. Bc4 {1} Ne7
{17} 6. O-O {3} Nec6 {4} 7. Nxd4 {19} cxd4 {11} 8. Ne2 {2} Bc5 {4} 9. d3 {2}
O-O {8} 10. Ng3 {4} Na5 {35} 11. Bb3 {10} d5 {18} 12. Bd2 {15} Nxb3 {2} 13.
axb3 {1} e5 {7} 14. Qe2 {36} Be6 {18} 15. Kh1 {9} Rc8 {5} 16. f4 {70} exf4 {2}
17. Bxf4 {1} dxe4 {9} 18. Nxe4 {2} Bb6 {29} 19. Bg5 {12} Qd5 {25} 20. Rae1 {14}
Bd8 {52} 21. Bf4 {58} Rc6 {5} 22. b4 {8} a5 {32} 23. c4 {44} dxc3 {17} 24. Nxc3
{1} Qd7 {15} 25. b5 {12} Rc5 {6} 26. d4 {6} Bc4 {34} 27. Qd2 {53} Rc8 {13} 28.
Rf3 {8} Bxb5 {35} 29. Rg3 {24} f6 {109} 30. Bh6 {16} Rf7 {5} 31. Nxb5 {61} Qxb5
{1} 32. Qd3 {8} Qd7 {60} 33. Qb3 {94} Kf8 {58} 34. Qa3+ {85} Kg8 {7} 35. Qb3
Kh8 {117} 36. Qxf7 {289} Qxf7 {1} 37. Bxg7+ {1} Kg8 38. Bh6+ {8} Qg6 39. Bf4 {
13} Kf7 {5} 40. Rxg6 {10} hxg6 {1} 41. Bd6 {12} Rc2 {7} 42. Rb1 {1} Ke6 {20}
43. Ba3 {4} b5 {10} 44. Bc5 {1} Kd5 {2} 45. h3 {5} Bc7 {2} 46. b3 {5} Bf4 {2}
47. Rf1 {2} Rc1 {2} 0-1

[Event "Internationaux de France RAPIDE"]
[Site "Saint-Maur des Fosses, France"]
[Date "2024.06.15"]
[Round "5.6"]
[White "Dardha, Daniel"]
[Black "Pichon, Ewen"]
[Result "0-1"]
[WhiteElo "2649"]
[BlackElo "2346"]
[PlyCount "98"]
[EventDate "2024.??.??"]

1. d4 {2} d5 {2} 2. c4 {1} e6 {3} 3. Nf3 {2} h6 {7} 4. g3 {14} Nf6 {3} 5. Bg2 {
1} Bd6 {2} 6. Nbd2 {2} O-O {12} 7. O-O {9} c5 {11} 8. dxc5 {28} Bxc5 {2} 9. a3
{1} a5 {27} 10. cxd5 {20} exd5 {2} 11. Nb3 {18} Bb6 {9} 12. Nbd4 {6} Nc6 {12}
13. Be3 {60} Re8 {28} 14. Rc1 {25} Bg4 {120} 15. Nxc6 {57} bxc6 {2} 16. Bd4 {15
} Bxd4 {106} 17. Qxd4 {72} Qd6 {73} 18. h3 {27} Bf5 {35} 19. Qc5 {50} Qxc5 {27}
20. Rxc5 {2} Bd7 {147} 21. Nd4 {5} a4 {177} 22. Rb1 Rab8 {24} 23. e3 {34} Rb6 {
6} 24. b4 {59} axb3 {5} 25. Rxb3 {2} Rxb3 {33} 26. Nxb3 {1} Rb8 {5} 27. Rc3 {8}
Kf8 {24} 28. a4 {41} Ra8 {22} 29. Nc5 {7} Ke7 {19} 30. g4 {77} Kd6 {24} 31. Bf3
{2} Bc8 {4} 32. Bd1 {10} Ra5 {13} 33. Nd3 {6} c5 {4} 34. f4 {15} Ne4 {7} 35.
Rc1 {1} f6 {6} 36. Bf3 {27} Nd2 {45} 37. Bg2 {19} Bd7 {29} 38. Rd1 {17} Nc4 {11
} 39. Kf2 {46} Bxa4 {5} 40. Rc1 {12} Bb5 {40} 41. e4 {30} Ra2+ {9} 42. Kg1 Ne3
{22} 43. e5+ {6} fxe5 {2} 44. fxe5+ {1} Ke7 {2} 45. Nf4 {5} Nxg2 {4} 46. Nxd5+
{9} Kd8 {11} 47. e6 {11} Nh4 {16} 48. Rxc5 {3} Nf3+ 49. Kh1 Rh2# 0-1

[Event "Internationaux de France RAPIDE"]
[Site "Saint-Maur des Fosses, France"]
[Date "2024.06.15"]
[Round "5.7"]
[White "Velten, Paul"]
[Black "Papadiamandis, Elliot"]
[Result "1-0"]
[WhiteElo "2504"]
[BlackElo "2219"]
[PlyCount "93"]
[EventDate "2024.??.??"]

1. d4 {2} Nf6 {64} 2. c4 {2} g6 {2} 3. Nc3 {2} d5 {2} 4. cxd5 {8} Nxd5 {2} 5.
e4 {4} Nxc3 {2} 6. bxc3 {2} Bg7 {1} 7. Nf3 {3} c5 {2} 8. Bb5+ {2} Nc6 {19} 9.
Rb1 {3} Qa5 {141} 10. O-O {22} O-O {15} 11. d5 {106} Ne5 {13} 12. Nxe5 {18}
Bxe5 {3} 13. Be3 {13} Qxc3 {72} 14. Qa4 {13} Bc7 {159} 15. Rfc1 {16} Qe5 {1}
16. g3 {24} Qh5 {82} 17. Bxc5 {9} Bd6 {7} 18. Bxd6 {32} exd6 {1} 19. Bf1 {24}
Qe5 {28} 20. f4 {28} Qe7 {3} 21. Re1 {9} b6 {17} 22. Rxb6 {46} axb6 {33} 23.
Qxa8 {2} Qf6 {23} 24. Qa3 {41} Qd4+ {7} 25. Qe3 {3} Qb4 {1} 26. Bg2 {77} Bb7 {
35} 27. e5 {23} dxe5 {43} 28. fxe5 {1} Qc4 {2} 29. Rd1 {113} Qc2 {18} 30. Qd2 {
22} Qc4 {58} 31. Rc1 {30} Qb5 {13} 32. Rc7 {35} Ba8 33. Rc1 {37} Rd8 {9} 34.
Rd1 {1} Re8 {8} 35. Qd4 {9} Qe2 {9} 36. Bf1 {55} Qxe5 {43} 37. Qxe5 {2} Rxe5
38. d6 {1} Re8 {1} 39. d7 {2} Rd8 40. Bb5 {26} Be4 {1} 41. Rd6 {10} Kf8 {2} 42.
Rxb6 {4} Ke7 43. Kf2 {15} Ra8 {14} 44. a4 {3} Bc2 {1} 45. Bc6 {9} Rxa4 {21} 46.
Rb8 {18} Rd4 {5} 47. Re8+ {2} 1-0

[Event "Internationaux de France RAPIDE"]
[Site "Saint-Maur des Fosses, France"]
[Date "2024.06.15"]
[Round "5.8"]
[White "Denjoy, Arnaud"]
[Black "Bellahcene, Bilel"]
[Result "0-1"]
[WhiteElo "2085"]
[BlackElo "2544"]
[PlyCount "124"]
[EventDate "2024.??.??"]

1. b3 a5 {6} 2. Bb2 {9} a4 3. c4 {6} e6 {2} 4. b4 {36} d5 5. e3 {5} Nf6 {6} 6.
a3 {1} Nbd7 {18} 7. Nf3 {5} c5 {3} 8. b5 {32} Nb6 {1} 9. d3 {26} Bd6 {13} 10.
Nbd2 {23} O-O {5} 11. Be2 {10} Re8 {7} 12. e4 {11} Bc7 {15} 13. O-O {51} d4 {2}
14. Re1 {20} Nfd7 {9} 15. Nf1 {17} Nf8 {2} 16. Bc1 {19} Ng6 {1} 17. g3 {14} Nd7
{3} 18. h4 {11} h6 {2} 19. h5 {14} Ngf8 {1} 20. g4 {51} Nh7 {2} 21. Ng3 {11}
Ndf8 {62} 22. e5 {10} b6 {1} 23. Bf1 {6} Bb7 {3} 24. Bg2 Ra7 {5} 25. Bf4 {22}
Qb8 {5} 26. Ne4 {37} Nd7 {31} 27. Nd6 {25} Bxd6 {2} 28. exd6 Nhf6 {93} 29. Ne5
{15} Bxg2 {2} 30. Kxg2 {39} Nxe5 {51} 31. Bxe5 {5} Nd7 32. Qe2 {73} Nxe5 {58}
33. Qxe5 {1} Rd7 34. f4 {26} Rxd6 {18} 35. Re2 {38} Qd8 {24} 36. Rf1 {15} Rd7 {
9} 37. Kg3 {10} Qe7 {87} 38. Qe4 {14} Qd6 {3} 39. Qe5 {6} Qe7 {28} 40. Qe4 {4}
Kh8 41. Qf3 {12} Qd6 {32} 42. Rfe1 {49} Rg8 {10} 43. Kh3 {38} g6 {60} 44. hxg6
{3} Rxg6 45. f5 {22} exf5 {86} 46. gxf5 {62} Rg5 {53} 47. Re8+ {2} Kh7 {2} 48.
Rc8 {38} Re7 {39} 49. Rxe7 {52} Qxe7 {2} 50. Rc6 {57} Qe1 {63} 51. Rc7 {13} Kg7
{41} 52. f6+ {4} Kg6 {4} 53. Qe4+ {8} Qxe4 {3} 54. dxe4 {1} Re5 {37} 55. Kg3 {5
} Rxe4 56. Kf2 {2} Re3 {7} 57. Rc6 {2} Rxa3 {1} 58. Rxb6 Rc3 {1} 59. Rc6 {6}
Rxc4 {1} 60. b6 {2} Rb4 {1} 61. Ke2 {6} a3 {4} 62. Rxc5 {5} Rxb6 {
Ke3 [%emt 00:00:06] 5} 0-1

[Event "Internationaux de France RAPIDE"]
[Site "Saint-Maur des Fosses, France"]
[Date "2024.06.15"]
[Round "6.1"]
[White "Lagarde, Maxime"]
[Black "Droin, Augustin"]
[Result "1/2-1/2"]
[WhiteElo "2604"]
[BlackElo "2480"]
[PlyCount "178"]
[EventDate "2024.??.??"]

1. c4 Nf6 {12} 2. Nc3 {2} e5 {1} 3. Nf3 {10} Nc6 {3} 4. d3 {5} d5 {27} 5. cxd5
{2} Nxd5 {2} 6. g3 {9} Nb6 {24} 7. Bg2 {5} Be7 {1} 8. O-O {6} O-O {2} 9. a3 {13
} a5 {7} 10. Be3 {2} Be6 {2} 11. Rc1 {3} a4 {2} 12. Ne4 {54} Bb3 {111} 13. Qe1
{49} Nd5 {24} 14. Bc5 {42} b6 {1} 15. Bxb6 {71} Nxb6 {75} 16. Rxc6 {3} Bd5 {2}
17. Rc1 {41} f6 {2} 18. Qc3 {51} c6 {3} 19. Nc5 {13} Bf7 {129} 20. Nb7 {69} Qb8
{86} 21. Qxc6 {74} Qa7 {19} 22. Nd2 {136} Rfc8 {55} 23. Qb5 {1} Be8 {78} 24.
Rxc8 {2} Rxc8 25. Qa5 {2} Qxa5 {1} 26. Nxa5 {1} Rc2 {49} 27. Ndc4 {2} Nxc4 {2}
28. Bd5+ {29} Kf8 {1} 29. Nxc4 {2} Rxe2 {39} 30. Rc1 {30} Bc5 31. Ne3 {52} Bxe3
{11} 32. fxe3 {1} Rxe3 {71} 33. Be4 {68} Re2 {1} 34. Rc8 {15} Ke7 {31} 35. Rc7+
Ke6 {18} 36. Rb7 {38} g6 {31} 37. g4 {14} Bd7 {6} 38. h3 {27} Kd6 {11} 39. Rb6+
{3} Ke7 {1} 40. Rb7 {6} Rc2 {10} 41. h4 {56} Kd8 {5} 42. h5 {3} f5 {27} 43.
hxg6 {1} hxg6 44. gxf5 {1} gxf5 45. Bd5 {15} Rd2 46. Bc4 {2} Bc6 {1} 47. Rf7 {1
} Bd7 {19} 48. Rf8+ {5} Kc7 {4} 49. Rf7 {4} Kd6 {1} 50. Rf6+ Ke7 {4} 51. Rb6 {2
} f4 {3} 52. Rb7 {3} Kd6 {2} 53. Rb8 {7} f3 {6} 54. Rf8 Bc6 {1} 55. Rf6+ {2}
Kc5 {1} 56. Bf7 {5} Rxb2 {14} 57. Bh5 Rb3 {13} 58. Bxf3 Bxf3 {1} 59. Rxf3 Kd4
60. Rf8 {4} Kxd3 {3} 61. Kf2 e4 {5} 62. Rd8+ {2} Kc2 {2} 63. Re8 {3} Kd3 {15}
64. Rd8+ {1} Kc4 {2} 65. Rc8+ {3} Kd5 {4} 66. Rd8+ {1} Ke5 {1} 67. Re8+ {1} Kd4
68. Rd8+ Kc5 69. Rc8+ {2} Kd4 {12} 70. Rd8+ Kc3 71. Re8 {18} Rxa3 {9} 72. Rxe4
{2} Ra2+ {5} 73. Kg3 {4} a3 {3} 74. Re3+ Kb4 {2} 75. Re4+ {1} Kb5 {1} 76. Re3 {
5} Kb4 {5} 77. Re4+ Kc3 {2} 78. Re3+ Kd4 {5} 79. Rf3 {2} Ra1 {2} 80. Kg2 {1}
Kc4 {5} 81. Rf4+ {2} Kd5 {1} 82. Rf3 {5} Kd4 {2} 83. Rf4+ {4} Ke5 {7} 84. Rf3 {
1} Ra2+ {1} 85. Kg3 {3} Kd4 {3} 86. Rf4+ {5} Kc5 {10} 87. Rf5+ {2} Kd4 {3} 88.
Rf4+ Kc5 89. Rf5+ Kd4 1/2-1/2

[Event "Internationaux de France RAPIDE"]
[Site "Saint-Maur des Fosses, France"]
[Date "2024.06.15"]
[Round "6.2"]
[White "Relange, Eloi"]
[Black "Fressinet, Laurent"]
[Result "0-1"]
[WhiteElo "2442"]
[BlackElo "2633"]
[PlyCount "64"]
[EventDate "2024.??.??"]

1. d4 {2} Nf6 {2} 2. c4 {5} e6 {2} 3. Nc3 {9} Bb4 {38} 4. Qc2 {3} d5 {3} 5. a3
{9} Be7 {73} 6. cxd5 {15} exd5 {3} 7. Bg5 {10} h6 {69} 8. Bh4 {16} c5 {17} 9.
dxc5 {71} d4 {98} 10. Ne4 {97} Nxe4 {70} 11. Qxe4 {12} g5 {2} 12. Bg3 {12} f5 {
107} 13. Qe5 {306} O-O {2} 14. h4 {3} Nc6 {34} 15. Qc7 {8} f4 {52} 16. Qxd8 {3}
Nxd8 {89} 17. Bh2 {1} g4 {1} 18. g3 {5} Ne6 {24} 19. Bg2 {6} Nxc5 {17} 20. Rd1
{28} d3 {69} 21. gxf4 {33} Bf5 {12} 22. b4 {26} dxe2 {7} 23. Nxe2 {5} Nd3+ {2}
24. Kf1 Nb2 {20} 25. Rd2 {22} Rad8 {6} 26. Bd5+ {103} Kh8 {1} 27. Rg1 {17} Bf6
{27} 28. Rg3 {116} Nc4 {44} 29. Rd1 {1} b5 {17} 30. Ke1 {21} Bxh4 {27} 31. Rg1
{26} Nb2 {6} 32. Rd4 {6} Bf6 {3} 0-1

[Event "Internationaux de France RAPIDE"]
[Site "Saint-Maur des Fosses, France"]
[Date "2024.06.15"]
[Round "6.3"]
[White "Moussard, Jules"]
[Black "Materia, Marco"]
[Result "1/2-1/2"]
[WhiteElo "2610"]
[BlackElo "2453"]
[PlyCount "112"]
[EventDate "2024.??.??"]

1. c4 Nf6 {2} 2. Nc3 {6} e5 {1} 3. Nf3 {3} Nc6 4. d3 {2} d5 {7} 5. cxd5 {2}
Nxd5 {1} 6. e4 {1} Nb6 {16} 7. Be3 {6} Bg4 {14} 8. Be2 {15} Be7 {8} 9. O-O {11}
O-O {14} 10. Nxe5 {54} Nxe5 {49} 11. Bxg4 {1} Qxd3 {5} 12. Be2 {41} Qxd1 {4}
13. Raxd1 {2} Rfd8 {78} 14. b3 {8} c6 {21} 15. f4 {12} Ned7 {7} 16. Kf2 {21}
Bc5 {5} 17. Rd2 {7} Bxe3+ {44} 18. Kxe3 {1} Nf6 {10} 19. Rfd1 {8} Rxd2 {9} 20.
Rxd2 {1} Re8 {1} 21. Kf3 {5} Kf8 {6} 22. b4 {88} Ke7 {35} 23. a4 {2} Nfd7 {84}
24. a5 {19} Na8 25. b5 {5} Nc7 {37} 26. bxc6 {6} bxc6 27. Rb2 {4} Nc5 {13} 28.
Ke3 {18} f6 {5} 29. g3 {8} Rd8 {15} 30. Rb4 {7} Rd6 {23} 31. h4 {20} N7e6 {47}
32. Bc4 {46} Nd4 {61} 33. Rb2 {4} Rd7 {14} 34. a6 {39} Nde6 {13} 35. Ne2 {32}
Rd1 {31} 36. Rb8 {89} Ra1 {25} 37. Bxe6 {41} Kxe6 {23} 38. Nd4+ {60} Kf7 {2}
39. Nxc6 {59} Rxa6 {13} 40. Nb4 {11} Re6 {16} 41. e5 {47} fxe5 {1} 42. Nd5 {32}
exf4+ {3} 43. Kxf4 a6 {24} 44. Rc8 {4} Nd3+ {2} 45. Kf3 {1} h5 {62} 46. Rc7+ {6
} Kg6 {2} 47. Ne7+ {5} Kf6 {9} 48. Ng8+ {6} Kg6 {5} 49. Ne7+ Kf7 {37} 50. Nd5+
{25} Kf8 {16} 51. Rc8+ {26} Kf7 {1} 52. Rc7+ {1} Kf8 {7} 53. Rc8+ {11} Kf7 {7}
54. Rc7+ {2} Kf8 {2} 55. Rc8+ {14} Kf7 {4} 56. Rc7+ {3} Kf8 {11} 1/2-1/2

[Event "Internationaux de France RAPIDE"]
[Site "Saint-Maur des Fosses, France"]
[Date "2024.06.15"]
[Round "6.4"]
[White "Pichon, Ewen"]
[Black "Velten, Paul"]
[Result "0-1"]
[WhiteElo "2346"]
[BlackElo "2504"]
[PlyCount "138"]
[EventDate "2024.??.??"]

1. d4 d5 {5} 2. c4 {1} dxc4 {2} 3. Nf3 {5} Nf6 {3} 4. e3 {1} Bg4 {3} 5. Bxc4 {
10} e6 {1} 6. O-O {22} Nc6 {3} 7. h3 {26} Bh5 {2} 8. Nc3 {62} Bd6 {6} 9. Re1 {8
} Bxf3 {87} 10. Qxf3 {3} a6 {4} 11. Bd2 {38} O-O {6} 12. Ne4 {11} Nxe4 {26} 13.
Qxe4 {2} Rb8 {62} 14. Bd3 {40} g6 {6} 15. Bc3 {23} Nb4 {11} 16. a3 {30} Nxd3 {
22} 17. Qxd3 {1} Qg5 {15} 18. e4 {44} Rbd8 {20} 19. Qf3 {19} e5 {22} 20. Rad1 {
7} c6 {11} 21. Bd2 {76} Qe7 {12} 22. Bc3 {23} exd4 {14} 23. Bxd4 {15} Be5 {4}
24. Bxe5 {22} Qxe5 {1} 25. Qb3 {5} b5 {12} 26. Qc2 {44} c5 {4} 27. Rd2 {10} c4
{21} 28. Red1 {9} Rxd2 29. Rxd2 Re8 {11} 30. f3 {28} Qc5+ {16} 31. Kh1 {6} Rc8
{21} 32. Qc3 {13} Qc7 {28} 33. Qf6 {6} a5 {13} 34. h4 {23} h5 {11} 35. e5 {3}
c3 {17} 36. bxc3 {9} Qxc3 {1} 37. Rd7 {9} Rf8 {11} 38. Qg5 {23} b4 {6} 39. axb4
{16} axb4 {1} 40. Kh2 {8} Qe1 {18} 41. Re7 {10} Qd1 {97} 42. e6 {16} Qd6+ {2}
43. f4 {1} Kg7 {45} 44. Rb7 {105} Qxe6 {13} 45. Rxb4 {2} Rc8 {6} 46. Qg3 {72}
Rc1 {24} 47. Qf2 {25} Kh7 {28} 48. Rb8 {23} Qd6 {40} 49. Rh8+ {32} Kxh8 {1} 50.
Qb2+ {1} Kh7 {5} 51. Qxc1 {1} Qe7 {2} 52. g3 {6} Qe2+ {4} 53. Kh3 {3} Qe4 {4}
54. Kh2 {5} Qd4 {10} 55. Qc2 {3} Kg7 {5} 56. Qa2 {6} Kf6 {6} 57. Qa6+ {2} Kf5 {
42} 58. Qc8+ {3} Ke4 {8} 59. Qe8+ {21} Kf3 {6} 60. Qa8+ {5} Ke2 {33} 61. Qa6+ {
11} Qd3 {10} 62. Qb6 {10} Qe3 {27} 63. Qb5+ {3} Kf2 {8} 64. Qb2+ {4} Qe2 {3}
65. Qxe2+ {6} Kxe2 66. Kg2 {10} Ke3 67. Kh2 Kf3 {31} 68. Kh3 {2} f5 {13} 69.
Kh2 {1} Kf2 {11} 0-1

[Event "Internationaux de France RAPIDE"]
[Site "Saint-Maur des Fosses, France"]
[Date "2024.06.15"]
[Round "6.5"]
[White "Bellahcene, Bilel"]
[Black "Shchekachev, Andrei"]
[Result "1-0"]
[WhiteElo "2544"]
[BlackElo "2492"]
[PlyCount "107"]
[EventDate "2024.??.??"]

1. e4 c5 {3} 2. Nf3 e6 {3} 3. d4 cxd4 {2} 4. Nxd4 {1} a6 {3} 5. c4 {1} Nf6 {6}
6. Nc3 {2} Qc7 {33} 7. a3 {4} b6 {6} 8. Be3 {5} Bb7 {4} 9. f3 {7} Nc6 {6} 10.
Be2 {16} Be7 {92} 11. Qd2 {3} O-O {26} 12. O-O-O {85} Na5 {100} 13. Kb1 {10}
Rac8 {2} 14. Rc1 {62} Qb8 {65} 15. Na4 {31} Bd8 {150} 16. b4 {208} Nxc4 {13}
17. Bxc4 {105} b5 {4} 18. Bxe6 {6} dxe6 {62} 19. Rxc8 {2} Qxc8 {13} 20. Rc1 {4}
Qa8 {13} 21. Nc5 {5} Bc8 {51} 22. Bf4 {50} Be7 {35} 23. Ncb3 {51} Bd7 {150} 24.
Nc5 {119} Bc8 {15} 25. Bc7 {1} Re8 {30} 26. Ndb3 {10} h6 {15} 27. Na5 {6} e5 {
28} 28. Qb2 {72} Bxc5 {20} 29. bxc5 {9} Nd7 {25} 30. c6 {5} Nf8 {1} 31. Bxe5 {5
} f6 {3} 32. Bd6 {11} Ng6 {4} 33. Qd4 {13} Kh7 {2} 34. c7 {4} Be6 {4} 35. Bg3 {
10} Qc8 {4} 36. Nc6 {9} Bg8 {2} 37. Nd8 {9} f5 {6} 38. Kb2 {66} Bc4 {1} 39. Rc2
{5} fxe4 {1} 40. fxe4 h5 {9} 41. h3 {3} h4 {2} 42. Bh2 Ne7 {5} 43. e5 {7} Nf5 {
3} 44. Qg4 {2} g6 {5} 45. e6 {3} Bxe6 {1} 46. Nxe6 {3} Qxe6 {1} 47. Qb4 {3} Rc8
{3} 48. Qc3 {2} a5 {4} 49. Qxa5 {2} Qd5 {2} 50. Qc3 {5} Qe6 {4} 51. Rd2 {1} Ne3
{4} 52. Rd8 {9} Nc4+ {2} 53. Kc1 Qf5 {5} 54. Qh8# {2} 1-0

[Event "Internationaux de France RAPIDE"]
[Site "Saint-Maur des Fosses, France"]
[Date "2024.06.15"]
[Round "6.6"]
[White "David, Alberto"]
[Black "Charmeteau, Sven"]
[Result "1/2-1/2"]
[WhiteElo "2502"]
[BlackElo "2259"]
[PlyCount "89"]
[EventDate "2024.??.??"]

1. e4 {1} c5 {1} 2. Nf3 {1} d6 {1} 3. Bb5+ {1} Nd7 {1} 4. Ba4 {2} Ngf6 {2} 5.
O-O {2} e6 {2} 6. Qe2 {20} Be7 {4} 7. c4 {7} O-O {11} 8. d4 {1} cxd4 {36} 9.
Nxd4 Qc7 {88} 10. Nc3 {2} a6 {38} 11. Kh1 {7} Ne5 {7} 12. Bb3 {2} Bd7 {30} 13.
f4 {1} Nc6 {1} 14. Nf3 {23} Rfc8 {94} 15. e5 {46} Ne8 {1} 16. Ne4 {8} Na5 {30}
17. Nfg5 {65} h6 {32} 18. Nxf7 {49} Kxf7 {3} 19. f5 {4} exf5 {56} 20. exd6 {476
} Nxd6 {22} 21. Nxd6+ {122} Bxd6 {2} 22. c5+ {1} Nxb3 {3} 23. cxd6 {1} Qxd6 {96
} 24. axb3 {12} Qe6 {129} 25. Qf2 {53} Qxb3 {45} 26. Ra3 Qc2 {2} 27. Qd4 {1}
Qxc1 {78} 28. Qxd7+ {2} Kg8 {2} 29. Qxf5 {2} Qxb2 {14} 30. Qf7+ {27} Kh8 {4}
31. Rb3 {2} Qe5 {85} 32. Rxb7 {5} a5 {1} 33. Re7 {10} Qg5 {12} 34. h3 {8} a4 {
17} 35. Kh2 Rc2 {16} 36. Re8+ {3} Rxe8 {7} 37. Qxe8+ Kh7 {2} 38. Qe4+ {3} Qg6 {
1} 39. Qd5 {13} Qg5 {24} 40. Qe4+ {18} Qg6 {1} 41. Qd5 Qc6 {20} 42. Qf5+ {11}
Qg6 {1} 43. Qd5 Qc6 {3} 44. Qf5+ {1} Qg6 {1} 45. Qd5 {8} 1/2-1/2

[Event "Internationaux de France RAPIDE"]
[Site "Saint-Maur des Fosses, France"]
[Date "2024.06.15"]
[Round "6.7"]
[White "Rodriguez, Adrien"]
[Black "Yuffa, Daniil"]
[Result "0-1"]
[WhiteElo "2233"]
[BlackElo "2609"]
[PlyCount "92"]
[EventDate "2024.??.??"]

1. d4 {7} Nf6 {3} 2. c4 {3} e6 {4} 3. Nf3 {3} Bb4+ {2} 4. Nbd2 {2} O-O {3} 5.
a3 {2} Be7 {2} 6. e4 {4} d6 {3} 7. Be2 {5} Nfd7 {2} 8. b4 {21} e5 {18} 9. d5 {5
} a5 {2} 10. Bb2 {11} Na6 {165} 11. Bc3 {51} Nb6 {26} 12. c5 {63} axb4 {82} 13.
axb4 {7} dxc5 {108} 14. b5 Nb4 {10} 15. Rxa8 {2} Nxa8 {2} 16. Nxe5 {74} f5 {104
} 17. Bc4 {52} Bd6 {15} 18. O-O {43} Nb6 {15} 19. Bb3 {2} fxe4 {138} 20. Nxe4 {
7} Bxe5 {19} 21. Bxe5 {4} c4 {3} 22. Bc2 {120} Qxd5 {18} 23. Bxc7 {120} Nxc2 {6
} 24. Qxc2 {3} Bf5 {7} 25. Re1 {67} Nd7 {31} 26. b6 {125} Nc5 {22} 27. Nc3 {5}
Qd3 {166} 28. Qb2 {18} Bd7 {74} 29. Rd1 {10} Qg6 {14} 30. Nd5 {2} Kh8 {14} 31.
Qb4 {7} Ne6 {6} 32. Qxc4 {35} Bc6 {1} 33. Ne3 {11} Ng5 {9} 34. Qg4 h5 {3} 35.
Qg3 {1} Qh6 {17} 36. Qd6 {3} Rf6 {3} 37. Qd8+ {1} Kh7 38. Qd3+ {5} Be4 {2} 39.
Qf1 {3} Qg6 40. Kh1 {4} h4 41. f3 {2} Nxf3 {1} 42. Bd8 {4} Rf7 {2} 43. Qf2 {3}
h3 {3} 44. Rc1 {4} hxg2+ {1} 45. Nxg2 {1} Qh6 {7} 46. Rf1 {3} Qxh2# {2} 0-1